Statistics for "X" "Y" "Z" Antonyms

Click here to take the quiz!

General Stats

  • This quiz has been taken 40 times
  • The average score is 12 of 20

Answer Stats

WordXYZ Antonyms% Correct
MeYou
100%
MineYours
97%
ZigZag
94%
YinYang
92%
NopeYep / Yup / Yeah
92%
WhisperYell / Yelp / Yowl
89%
AncientYoung / Youthful
72%
YuckYum
69%
CanoeYacht
61%
PullYank
58%
DayYear
58%
XenophilicXenophobic
47%
HippyYuppy
44%
SaneZany
44%
BlandZest / Zesty
42%
BooYippee / Yay / Yeeha
33%
DefyYield
31%
OriginalXerox
28%
City DwellerYokel
17%
ThinZaftig
8%

Score Distribution

Percentile by Number Answered

Percent of People with Each Score

Your Score History

You have not taken this quiz